000 00761nac a22002051u 4500
010 _a 97019483
020 _a0138747369
082 0 0 _a330.9
_bH3634
090 _c2195
_d2195
100 _aHeilbroner, Robert L.
245 1 4 _aThe making of economic society /
_cRobert Heilbroner and Willian Milberg.
250 _a10th ed.
260 _aUpper Saddle River, N.J. :
_bPrentice Hall,1998
_c1998.
300 _axvi, 190 p. :
_bill. ;
_c24 cm.
504 _aIncludes bibliographical references and indexes.
650 0 _aEconomic history.
700 1 _aMilberg, William S.,
_d1957-
942 _cBB
_k330.9 H3634
999 _c2195
_d2195